00855nam a2200169Ia 4500008004100000020001500041050002200056100002700078245011100105260005400216300003500270500004200305505025200347650003500599650002100634700003000655120626s2003 mx 000 0 spa d a9701039696 aHD58b K5518 2003 aKinicki, Angeloeautor aComportamiento organizacionalb : conceptos, problemas y prácticas c / Angelo Kinicki; Robert Kreitner aMéxicob : McGraw-Hill Interamericanac , 2003 a469 páginasb: ilustraciones aIncluye: Notas, glosario e índices. aAdministración de personas en una economía global Administración de personal Toma de decisiones y administración de procesos sociales Administración de procesos organizacionales Administración de organizaciones en evolución 1 aORGANIZACIÓNxCOMPORTAMIENTO2 aADMINISTRACIÓN aKreitner, Robert eautor